Краткий исторический очерк гидрографии русских морей.; Ч. 3; Балтийское море с заливами

Dades bibliogràfiques
Sumari:Текст в русской дореформенной орфографии
Idioma:rus
Publicat: Санкт-Петербург, Типография Морского Министерства, 1902
Matèries:
Format: MixedMaterials Llibre
KOHA link:https://koha.lib.tpu.ru/cgi-bin/koha/opac-detail.pl?biblionumber=357122

MARC

LEADER 00000nam0a2200000 4500
001 357122
005 20231102010947.0
035 |a (RuTPU)RU\TPU\retro\14382 
090 |a 357122 
100 |a 20200729d1902 m y0rusy50 ca 
101 0 |a rus 
102 |a RU 
105 |a y z 001zy 
200 1 |a Краткий исторический очерк гидрографии русских морей.  |h Ч. 3  |i Балтийское море с заливами 
210 |a Санкт-Петербург  |c Типография Морского Министерства  |d 1902 
215 |a 234 с. 
300 |a Текст в русской дореформенной орфографии 
320 |a Алфавитный указатель мест производства гидрографических работ в Балтийском море: с. 157-215 
320 |a Алфавитный указатель лиц принимавших участие вгидрографических работ в Балтийском море: с. 217-234 
606 1 |a Гидрография  |2 stltpush  |3 (RuTPU)RU\TPU\subj\6649  |9 34479 
610 1 |a Балтийское море 
610 1 |a заливы 
610 1 |a 17 век 
610 1 |a 18 век 
610 1 |a 19 век 
610 1 |a Финский залив 
610 1 |a научные экспедиции 
610 1 |a водные объекты 
610 1 |a съемка 
610 1 |a промеры 
610 1 |a обследовательские работы 
675 |a 556.5  |v 4 
801 1 |a RU  |b 63413507  |c 20200729 
801 2 |a RU  |b 63413507  |c 20200915  |g RCR 
942 |c BK